000 00849nam a2200277 i 4500
001 000026632
003 DO-SdBNP
005 20250722090445.0
007 ta
008 250722s1973 dr 000 0 spa d
040 _aDO-SdBNP
_bspa
_cBNPHU
_erda
041 _asp
082 _axxx
_bR426e
_222
110 1 _aRepública Dominicana
_bSecretariado Ténico de la Presidencia
_bOficna Nancional de Estadística
_953738
245 1 0 _aEstadística industrial de la República Dominicana 1970-1971
264 _aSanto Domingo :
_bOficina Nacional de Estadística,
_c1973
300 _a120 Páginas ;
_c28 cm.
336 _ardacontent
_btexto
_2txt
337 _ardamedia
_bsin mediación
_2n
338 _ardacarrier
_bvolumen
_2nc
490 1 _vno. 19
590 _aInventariado, 2025 / DG
830 _953739
910 _aDG
942 _2ddc
_cLBS1
999 _c59600
_d59600